各个声母开头的化学元素 - Statistics

General Stats
  • This quiz has been taken 54 times
  • The average score is 19 of 21
Answer Stats
声母 元素 % Correct
m 鿏 | 镅 | 镁 | 钔 | 锰 | 莫 | 钼
100%
d 𫟼 | 氮 | 锝 | 镝 | 碲 | 碘 | 铥 | 氡 | 𬭊
100%
t 铊 | 钛 | 钽 | 碳 | 铽 | 锑 | 鿬 | 铁 | 铜 | 钍
100%
n 镎 | 钠 | 氖 | 铌 | 鿭 | 镍 | 锘 | 钕
100%
l 铼 | 镧 | 铹 | 铑 | 镭 | 锂 | 𫟷 | 钌 | 磷 | 硫 | 𬬻 | 镥 | 𬬭 | 铝 | 氯
100%
g 钆 | 钙 | 锆 | 鿔 | 镉 | 铬 | 汞 | 钴 | 硅
100%
j 镓 | 钾 | 金 | 锔
100%
p 锫 | 硼 | 铍 | 钋 | 钷 | 镤 | 镨
98%
f 钒 | 钫 | 镄 | 𫓧 | 氟
98%
q 铅 | 氢
96%
x 硒 | 锡 | 𬭳 | 氙 | 锌 | 溴
96%
h 铪 | 氦 | 𬭶 | 钬
93%
y 氩 | 氧 | 铱 | 钇 | 镱 | 铟 | 银 | 铀 | 铕
93%
b 钯 | 钡 | 铋 | 𬭛 | 铂 | 钚
91%
k 锎 | 钪 | 氪
89%
s 铯 | 锶
87%
w
72%
韵母 锕 | 锿 | 砹 | 鿫 | 锇 | 铒
67%
sh 钐 | 砷 | 铈
65%
zh
63%
r
63%
No matching quizzes found
Score Distribution
Percent of People with Each Score
Percentile by Number Answered
Your Score History
You have not taken this quiz